书目信息 |
| 题名: |
After effects影视后期制作与AIGC辅助设计
|
|
| 作者: | 汪可 , 杨万红 主编 | |
| 分册: | ||
| 出版信息: | 北京 清华大学出版社 2025.06 |
|
| 页数: | 280页 | |
| 开本: | 26cm | |
| 丛书名: | 新质生产力下的AIGC辅助设计系列教材 | |
| 单 册: | ||
| 中图分类: | TP391.413 | |
| 科图分类: | ||
| 主题词: | 计算机应用 | |
| 电子资源: | ||
| ISBN: | 978-7-302-68554-8 | |
| 000 | 01058nam0 2200253 450 | |
| 001 | 2637558323 | |
| 005 | 20260529102758.41 | |
| 010 | @a978-7-302-68554-8@dCNY69.00 | |
| 100 | @a20260529d2025 km y0chiy0120 ea | |
| 101 | 0 | @achi |
| 102 | @aCN@b110000 | |
| 200 | 1 | @aAfter effects影视后期制作与AIGC辅助设计@AAfter effects Ying Shi Hou Qi Zhi Zuo Yu AIGC Fu Zhu She Ji@f汪可, 杨万红主编@FWang Ke,Yang Wan Hong Zhu Bian |
| 210 | @a北京@c清华大学出版社@d2025.06 | |
| 215 | @a280页@d26cm | |
| 225 | 2 | @a新质生产力下的AIGC辅助设计系列教材 |
| 330 | @a本书?是一本顺应新时代背景下AIGC蓬勃发展的趋势而编写的书籍, 深度整合了After Effects知识和AIGC技术, 旨在引领读者将经典影视后期软件After Effects和AIGC技术有机结合, 步入一个崭新、高效的设计工作情境。 | |
| 410 | 0 | @12001 @a新质生产力下的AIGC辅助设计系列教材 |
| 503 | @n河南城建学院图书馆 | |
| 606 | 0 | @a计算机应用 |
| 690 | @aTP391.413@v4 | |
| 701 | 0 | @a汪可@AWang Ke@4主编 |
| 701 | 0 | @a杨万红@AYang Wan Hong@4主编 |
| 801 | 0 | @aCN@b大连网信软件有限公司图书馆·11@c20260529 |
| 905 | @aZUCC@dTP391.413@eW061 | |
| After effects影视后期制作与AIGC辅助设计/汪可, 杨万红主编.-北京:清华大学出版社,2025.06 |
| 280页;26cm.-(新质生产力下的AIGC辅助设计系列教材) |
| ISBN 978-7-302-68554-8:CNY69.00 |
| 本书?是一本顺应新时代背景下AIGC蓬勃发展的趋势而编写的书籍, 深度整合了After Effects知识和AIGC技术, 旨在引领读者将经典影视后期软件After Effects和AIGC技术有机结合, 步入一个崭新、高效的设计工作情境。 |
| ● |
| 相关链接 |
|
|
|
正题名:After effects影视后期制作与AIGC辅助设计
索取号:TP391.413/W061
 
预约/预借
| 序号 | 登录号 | 条形码 | 馆藏地/架位号 | 状态 | 备注 |
| 1 | 1556948 | 215569481 | 计算机与数据科学学院资料室/ [索取号:TP391.413/W061] | 在馆 |